Discurso sobre la necesidad de una farmacopea nueva en la ciudad de Barcelona y Principado de Cataluña / (Record no. 164848)

MARC details
000 -LEADER
campo de control de longitud fija 00921nam a2200205 i 4500
001 - NÚMERO DE CONTROL
campo de control 164848
003 - IDENTIFICADOR DE NÚMERO DE CONTROL
campo de control ES-MaACL
005 - FECHA Y HORA DE LA ÚLTIMA TRANSACCIÓN
campo de control 20230906213023.0
008 - DATOS DE LONGITUD FIJA--INFORMACIÓN GENERAL
campo de control de longitud fija 830912s1788 sp |||| | spa d
080 ## - NÚMERO DE LA CLASIFICACIÓN DECIMAL UNIVERSAL
Número de la Clasificación Decimal Universal 615.11(460.23)"17"
100 1# - ENTRADA PRINCIPAL--NOMBRE DE PERSONA
Nombre de persona Savall y Valldejuli, José Antonio.
9 (RLIN) 104049
245 10 - MENCIÓN DEL TÍTULO
Título Discurso sobre la necesidad de una farmacopea nueva en la ciudad de Barcelona y Principado de Cataluña /
Mención de responsabilidad, etc. por Joseph Antonio Savall y Valldejuli ...
260 ## - PUBLICACIÓN, DISTRIBUCIÓN, ETC.
Lugar de publicación, distribución, etc. Barcelona :
Nombre del editor, distribuidor, etc. por Francisco Suriá y Burgada, imp.,
Fecha de publicación, distribución, etc. 1788.
300 ## - DESCRIPCIÓN FÍSICA
Extensión [8], 27 p. ;
Dimensiones 20 cm.
510 4# - NOTA DE CITAS O REFERENCIAS BIBLIOGRÁFICAS
Nombre de la fuente Palau 303.190
597 ## - NOTA DE DESCRIPCIÓN FÍSICA
NOTA DE DESCRIPCIÓN FÍSICA P. [5] y 1 llevan sign. A2, p. 5 lleva A3 y p. 9 lleva A4.
597 ## - NOTA DE DESCRIPCIÓN FÍSICA
NOTA DE DESCRIPCIÓN FÍSICA Número de lín. variable, notas a pie de p. y reclamos.
650 04 - PUNTO DE ACCESO ADICIONAL DE MATERIA--TÉRMINO DE MATERIA
Término de materia o nombre geográfico como elemento de entrada Farmacopeas-
Subdivisión geográfica Cataluña-
Subdivisión cronológica S.XVIII.
9 (RLIN) 12726
852 ## - LOCALIZACIÓN
Ubicación ES-MaACL
Número de control de estantería R-3431(3)
Nota libre - Enc. pasta
-- . - Ex-libris de Mateo Seoane
-- - Enc. en un vol. facticio
Encuadernación - Olim: T-630-F
Holdings
Estatus retirado Estado de pérdida Estado de daño No para préstamo Colección Biblioteca de origen Biblioteca actual Ubicación en estantería Fecha de adquisición Total de préstamos Signatura topográfica completa Código de barras Visto por última vez Precio de reemplazo Tipo de ítem Koha
        Libros del s. XVIII Biblioteca del Ateneo de Madrid Biblioteca del Ateneo de Madrid Depósito 17/01/2008   R-3431(3) 1172808 23/02/2023 23/02/2023 Libro impreso antiguo